Culture Générale - Série 1848 - Statistiques

Statistiques générales
  • Ce quiz a été pris 128 fois
  • Le résultat moyen est 4 sur 10
Statistiques - réponses
Question Réponse % Correct
Au cinéma, comment appelle-ton le film à grand spectacle dont le sujet s'inspire de l'Antiquité ? péplum
86%
Au cinéma, comment appelle-ton le fragment de film situé au début de celui-ci, et qui donne la liste des différentes personnes ayant participé à sa réalisation, ainsi que leurs fonctions ? générique
71%
Quel mot désigne un dessin ou une ligne inséré dans la pâte du papier et que l'on ne voit que par transparence ? filigrane
59%
De quel pays le "lev" est-il la devise monétaire ? Bulgarie
54%
A quelle invention le baron Drais von Sauerbronn, dit Karl Drais,(1785-1851) a t-il laissé son nom ? draisienne
46%
Dans le film de Marcel Carné "Quai des brumes", quel rôle incarnait Jean Gabin (prénom) ? Jean
21%
Quel adjectif désigne la pêche en haute mer ? hauturier
20%
Comment appelle-t-on l'élevage des carpes ou d'autres cyprinidés comme les tanches ? cypriniculture
5%
Comment appelle-t-on le cordage qui sert à attacher le bateau au quai et à touer (remorquer) le bateau ? haussière
5%
Dans le film de Marcel Carné "Quai des brumes", quel rôle incarnait Michèle Morgan (prénom) ? Nelly
4%
Aucun quiz correspondant
Distribution des résultats
% des personnes avec chaque résultat
Percentile par nombre de réponses
Votre historique - résultats
Vous n’avez pas pris ce quiz